Macroeconomic policies for sustainable growth : analytical framework and policy studies of Brazil and Chile

Αποθηκεύτηκε σε:
Λεπτομέρειες βιβλιογραφικής εγγραφής
Άλλοι συγγραφείς: Munasinghe, Mohan 1945-
Μορφή: Βιβλίο
Γλώσσα:English
Δημοσίευση: Cheltenham, UK : Edward Elgar, 2006
Σειρά:Munasinghe Institute for Development (MIND) series on growth and sustainable development
Θέματα:
Ετικέτες: Προσθήκη ετικέτας
Δεν υπάρχουν, Καταχωρήστε ετικέτα πρώτοι!

MARC

LEADER 00000nam a2200000 i 4500
001 1/91525
008 080728s2006 eng d
020 |a 1-84542-494-8 
035 |l 10099213 
040 |a GR-MY-UA  |b gre  |e aacr 
041 0 |a eng 
082 0 |a 338.98107  |2 (22) 
245 1 0 |a Macroeconomic policies for sustainable growth :  |b analytical framework and policy studies of Brazil and Chile /  |c Mohan Munasinghe ... [κ.ά.] 
260 |a Cheltenham, UK :   |b Edward Elgar,   |c 2006 
300 |a x, 349 σ.;  |b εικ.;  |c 25 εκ. 
490 1 |a Munasinghe Institute for Development (MIND) series on growth and sustainable development 
504 |a Περιέχει βιβλιογραφικές παραπομπές και ευρετήριο 
650 0 0 |a Sustainable development  |x Case studies. 
650 0 0 |a Sustainable development  |z Brazil. 
650 0 0 |a Sustainable development  |z Chile. 
651 0 |a Brazil  |x Economic policy. 
651 0 |a Chile  |x Economic policy. 
700 1 |a Munasinghe, Mohan  |d 1945- 
830 0 |a Munasinghe Institute for Development (MIND) series on growth and sustainable development 
852 |a INST  |b LESVOS  |e 20080728  |h 338.98107 MAC  |p 005100041873  |q 005100041873  |t BK  |y 0 
901 |a BIBL1-2008-2 
909 |a Λ  |b 151517 
922 |a 1ΕΛΗ  |b 200803  |c ΕΠΕΑΕΚ2/ΤΠ  |d ΠΑΠΑΣΩΤΗΡΙΟΥ 
970 |a ΚΑΡΑ  |b ΓΙΑΣΕΜΗ  |z 2008/07/28